ARRUPE JESUIT UNIVERSITY

CORONAVIRUS -STOP THE SPREAD - CLEAN,DISINFECT,COVER

Albert Camus : (Record no. 128606)

MARC details
000 -LEADER
fixed length control field 01003cam a2200289 a 4500
001 - CONTROL NUMBER
control field 4005850
003 - CONTROL NUMBER IDENTIFIER
control field ARRUPE
005 - DATE AND TIME OF LATEST TRANSACTION
control field 20181121093057.0
008 - FIXED-LENGTH DATA ELEMENTS--GENERAL INFORMATION
fixed length control field 960515s1996 fr af b 001 0bfre
010 ## - LIBRARY OF CONGRESS CONTROL NUMBER
LC control number 96149050
020 ## - INTERNATIONAL STANDARD BOOK NUMBER
International Standard Book Number 207073238X
040 ## - CATALOGING SOURCE
Original cataloging agency DLC
Transcribing agency DLC
Modifying agency DLC
043 ## - GEOGRAPHIC AREA CODE
Geographic area code e-fr---
050 00 - LIBRARY OF CONGRESS CALL NUMBER
Classification number PQ2605.A3734
Item number Z765 1996
082 00 - DEWEY DECIMAL CLASSIFICATION NUMBER
Classification number 848/.91409
-- B
Edition number 20
300 ## - PHYSICAL DESCRIPTION
Dimensions 24 cm.
100 1# - MAIN ENTRY--PERSONAL NAME
Personal name Todd, Olivier.
9 (RLIN) 43543
245 10 - TITLE STATEMENT
Title Albert Camus :
Remainder of title a life /
Statement of responsibility, etc Olivier Todd.
260 ## - PUBLICATION, DISTRIBUTION, ETC. (IMPRINT)
Place of publication, distribution, etc London :
Name of publisher, distributor, etc Chatto and Windus,
Date of publication, distribution, etc c1996.
300 ## - PHYSICAL DESCRIPTION
Extent x, 435 p. :
504 ## - BIBLIOGRAPHY, ETC. NOTE
Bibliography, etc Includes bibliographical references (p. [829]-833) and index.
600 10 - SUBJECT ADDED ENTRY--PERSONAL NAME
Personal name Camus, Albert,
Dates associated with a name 1913-1960.
9 (RLIN) 34134
906 ## - LOCAL DATA ELEMENT F, LDF (RLIN)
a 7
b cbc
c orignew
d 2
e ncip
f 19
g y-gencatlg
942 ## - ADDED ENTRY ELEMENTS (KOHA)
Source of classification or shelving scheme Library of Congress Classification
Koha item type Monograph ( Printed materials)
Holdings
Withdrawn status Lost status Source of classification or shelving scheme Damaged status Not for loan Collection code Home library Current library Shelving location Date acquired Total Checkouts Full call number Barcode Date last seen Price effective from Koha item type
    Library of Congress Classification     Main Collection ARRUPE LIBRARY ARRUPE LIBRARY Main Collection 21/11/2018   PQ2605.A3734 Z765 1996 46600002624 21/11/2018 21/11/2018 Monograph ( Printed materials)

 

Arrupe Library. PO Box MP320 Mt Pleasant, Harare, Zimbabwe
263 242 745411|librarian@aju.ac.zw